Вып. 36 : Макроэкономическое моделирование; Вопросы Республиканской автоматизированной системы управления (РАСУ)

מידע ביבליוגרפי
Parent link:Вопросы Республиканской автоматизированной системы управления (РАСУ): сборник научных трудов/ Академия наук Узбекской ССР (АН УзССР). Вып. 36 : Макроэкономическое моделирование.— , 1976-1990
שפה:רוסית
יצא לאור: 1984
נושאים:
פורמט: ספר
KOHA link:https://koha.lib.tpu.ru/cgi-bin/koha/opac-detail.pl?biblionumber=282225

MARC

LEADER 00000nam2a2200000 4500
001 282225
005 20231101235459.0
035 |a (RuTPU)RU\TPU\book\306101 
035 |a RU\TPU\book\306099 
090 |a 282225 
100 |a 20150129d1984 k y0rusy50 ca 
101 0 |a rus 
102 |a UZ 
105 |a a z 001zy 
200 0 |a Вып. 36 : Макроэкономическое моделирование 
210 |d 1984 
215 |a 160 с.  |c ил. 
320 |a Библиография в конце статей 
461 1 |0 (RuTPU)RU\TPU\book\218517  |t Вопросы Республиканской автоматизированной системы управления (РАСУ)  |o сборник научных трудов  |f Академия наук Узбекской ССР (АН УзССР)  |v Вып. 36 : Макроэкономическое моделирование  |d 1976-1990 
606 1 |a Промышленные предприятия  |x Организация производства  |2 stltpush  |3 (RuTPU)RU\TPU\subj\52620  |9 71027 
610 1 |a автоматизация 
610 1 |a АСУ 
610 1 |a автоматизированные системы управления 
610 1 |a межотраслевые системы 
610 1 |a теоретические проблемы 
610 1 |a методологические проблемы 
610 1 |a экономико-математические модели 
675 |a 658.5.011.56  |v 3 
801 1 |a RU  |b 63413507  |c 20140110 
801 2 |a RU  |b 63413507  |c 20170706  |g RCR 
942 |c BK